zpět

Detail výsledku týmu

Bristol, Olomouc

Datum a čas kvízu

33 Celkem bodů Celkový počet nahraných bodů na tomto kvízu bez doplňovacích otázek.
2. Pořadí na kvízu Konečné umístění týmu na tomto kvízu.

Zaznamenané odpovědi

# Otázka Odpověď Body Výsledky
1. Ministerstvo zdravotnictví chy... Reklamy by neměly zobrazovat živé bytosti. 0
2. Prezident USA v úterý tradičně... Butter (Máslo), Bread (Chléb) 1
3. Část sbírek z jedné z nejslavn... Zelená klenba (Grünes Gewölbe) 0
4. Francouzská skupina LVMH (Moët... Tiffany (& Co.) 1
5. Biatlonová sezona byla zahájen... Dorothea Wiererová 1
6. V tomto tématu se podíváme na... korunní lístek 0
7. Časopis Květy je zřejmě nejsta... A 0
8. Jak se jmenuje tento pilot For... Daniil Kvjat 1
9. Z následujících rostlin vybert... D 1
10. Zřejmě nejslavnější českou fil... dědeček vycinkal 1